| 000 | 00729nam a22002057a 4500 | ||
|---|---|---|---|
| 005 | 20180119103800.0 | ||
| 010 | _a1718EN-30 | ||
| 020 |
_a9789352533329 _c770.00 |
||
| 035 | _aB-685842-847 | ||
| 037 |
_bAsian _adpl |
||
| 082 | _a330.01 | ||
| 100 | _aAhuja, H.L. | ||
| 245 |
_aAdvanced economic theory : _cby H.L. Ahuja _bmicroeconomic analysis / |
||
| 250 | _a21st ed | ||
| 260 |
_aNew Delhi _bS.Chand _c2017 |
||
| 270 |
_a7361, Ram Nagar, _bNew Delhi _e110055 |
||
| 300 | v |
_axvi,1347p. _c24cm(pbk) |
|
| 942 |
_2ddc _cEN _mAHU _h330.01 |
||
| 999 |
_c145532 _d145532 |
||